00165nam a2200073Ia 4500008004100000082000800041100001000049245003200059240331s9999 xx 000 0 und d bSAL aSalma 0aIrandaam jaamangalin kathai